[Event "SWE-ch blitz"]
[Site "Helsingborg"]
[Date "2021.11.14"]
[Round "13"]
[White "Abedinov, Adnan"]
[Black "Troedsson, Anton"]
[Result "1-0"]
[WhiteElo "2170"]
[BlackElo "2104"]
[PlyCount "135"]
[EventDate "2021.11.14"]
[EventType "swiss (blitz)"]
[EventRounds "13"]
[EventCountry "SWE"]
[SourceTitle "EXT 2024"]
[Source "ChessBase"]
[SourceDate "2023.10.10"]
[SourceVersion "1"]
[SourceVersionDate "2023.10.10"]
[SourceQuality "1"]

1. d4 d5 2. Bf4 Nf6 3. e3 c5 4. Nf3 Nc6 5. c3 Qb6 6. Qb3 c4 7. Qc2 Bf5 8. Qc1 e6 9. Nbd2 h6 10. b3 cxb3 11. axb3 Be7 12. Be2 0-0 13. 0-0 Rfc8 14. Qb2 Qd8 15. h3 Bd6 16. Ne5 Bxe5 17. dxe5 Nd7 18. Nf3 Be4 19. c4 Qb6 20. Rfd1 Nc5 21. Ra3 dxc4 22. Bxc4 Rd8 23. Rd6 Qb4 24. Nd4 Na5 25. Rxa5 Qxa5 26. b4 Qa4 27. bxc5 Qxc4 28. f3 Bg6 29. Kh2 Qxc5 30. Qxb7 Rab8 31. Qa6 Rb6 32. Rxd8+ Kh7 33. Qa1 Qc4 34. Ne2 Qxe2 35. Qd1 Rb2 36. Qxe2 Rxe2 37. Rd7 Ra2 38. Kg3 a5 39. e4 h5 40. Be3 h4+ 41. Kxh4 Rxg2 42. Ra7 Ra2 43. Kg3 Ra3 44. Kf4 a4 45. h4 Ra2 46. Bc5 Kh6 47. Bf8 Kh7 48. Be7 Bh5 49. Bf8 Ra3 50. Kg5 Bxf3 51. Rxf7 Bxe4 52. Rxg7+ Kh8 53. Ra7 Rg3+ 54. Kh6 Rg6+ 55. Kh5 Rg8 56. Be7 Re8 57. Bf6+ Kg8 58. Rxa4 Bf5 59. Ra7 Kf8 60. Kg5 Kg8 61. h5 Rc8 62. h6 Rc2 63. Ra8+ Kf7 64. Ra7+ Kf8 65. Bg7+ Kg8 66. Kf6 Rh2 67. Ra8+ Kh7 68. Rh8# 1-0

[Event "SWE-ch blitz"]
[Site "Helsingborg"]
[Date "2021.11.14"]
[Round "2"]
[White "Storme, Joel"]
[Black "Troedsson, Anton"]
[Result "0-1"]
[WhiteElo "1588"]
[BlackElo "2104"]
[PlyCount "72"]
[EventDate "2021.11.14"]
[EventType "swiss (blitz)"]
[EventRounds "13"]
[EventCountry "SWE"]
[SourceTitle "EXT 2024"]
[Source "ChessBase"]
[SourceDate "2023.10.10"]
[SourceVersion "1"]
[SourceVersionDate "2023.10.10"]
[SourceQuality "1"]

1. f4 d5 2. Nf3 g6 3. d4 Bg7 4. b3 Nf6 5. Bb2 0-0 6. h3 Ne4 7. Nbd2 Ng3 8. Rg1 Nf5 9. Qc1 b6 10. g4 Ne3 11. Kf2 Nxf1 12. Rxf1 Bb7 13. Re1 Qd6 14. Nf1 e6 15. e3 Nd7 16. Rb1 c5 17. c4 Rac8 18. Qd2 dxc4 19. dxc5 Qxd2+ 20. N1xd2 c3 21. Nc4 Bxf3 22. Kxf3 cxb2 23. cxb6 Nxb6 24. Nxb2 Rc2 25. Nd3 Rd8 26. Red1 Rxa2 27. Ne5 Rxd1 28. Rxd1 Bxe5 29. Rd8+ Kg7 30. fxe5 Rb2 31. Rb8 Rxb3 32. Rb7 a5 33. Ra7 a4 34. Ke2 a3 35. Kd2 Nc4+ 36. Kc2 Rxe3 0-1

[Event "SWE-ch blitz"]
[Site "Helsingborg"]
[Date "2021.11.14"]
[Round "9"]
[White "Tornberg, Carlos"]
[Black "Troedsson, Anton"]
[Result "1-0"]
[WhiteElo "2053"]
[BlackElo "2104"]
[PlyCount "77"]
[EventDate "2021.11.14"]
[EventType "swiss (blitz)"]
[EventRounds "13"]
[EventCountry "SWE"]
[SourceTitle "EXT 2024"]
[Source "ChessBase"]
[SourceDate "2023.10.10"]
[SourceVersion "1"]
[SourceVersionDate "2023.10.10"]
[SourceQuality "1"]

1. e4 c6 2. d4 d5 3. Nd2 dxe4 4. Nxe4 Nf6 5. Nxf6+ exf6 6. g3 Bd6 7. Bg2 0-0 8. Ne2 Re8 9. 0-0 Bg4 10. Be3 Nd7 11. Qd3 Qa5 12. c3 Bf5 13. Qd2 Rad8 14. Nf4 Nb6 15. b4 Qa6 16. Rfe1 Nc4 17. Qc1 Qb6 18. Bd2 Qc7 19. Ne2 Bg4 20. Bf1 h6 21. Bf4 g5 22. Bxd6 Qxd6 23. Nf4 Nb6 24. Ng2 Bf5 25. Ne3 Be4 26. Bg2 f5 27. a4 Qf6 28. a5 Nc8 29. Nc4 Bxg2 30. Kxg2 Nd6 31. Ne5 Ne4 32. a6 b5 33. Qc2 g4 34. Rad1 Kg7 35. Nd3 Ng5 36. Nf4 Nf3 37. Nh5+ Kg6 38. Nxf6 Rxe1 39. Nxg4 1-0

[Event "Gothenburg op"]
[Site "Gothenburg"]
[Date "2019.08.16"]
[Round "2"]
[White "Ahlander, Bjorn"]
[Black "Troedsson, Anton"]
[Result "1-0"]
[WhiteElo "2390"]
[BlackElo "2045"]
[PlyCount "109"]
[EventDate "2019.08.16"]
[EventType "swiss"]
[EventRounds "8"]
[EventCountry "SWE"]
[SourceTitle "CBM 191 Extra"]
[Source "ChessBase"]
[SourceDate "2019.09.30"]
[SourceVersion "1"]
[SourceVersionDate "2019.09.30"]
[SourceQuality "1"]

1. d4 d5 2. c4 c6 3. Nc3 Nf6 4. Nf3 g6 5. Bf4 Bg7 6. e3 0-0 7. h3 Nbd7 8. Rc1 e6 9. a3 Re8 10. Be2 b6 11. cxd5 exd5 12. 0-0 Bb7 13. b4 Qe7 14. Qb3 a6 15. Bd3 Ra7 16. Rfd1 h6 17. Ne5 Nh5 18. Nxd7 Nxf4 19. Nxb6 Ne6 20. Nca4 a5 21. Nc5 axb4 22. axb4 Qd8 23. Nxe6 Rxe6 24. Na4 Re8 25. Nc5 Bc8 26. Ra1 Ree7 27. b5 cxb5 28. Qxb5 Bf8 29. Be2 Rec7 30. Bf3 Bf5 31. Rxa7 Rxa7 32. Qc6 Rc7 33. Qb6 Rc8 34. Qxd8 Rxd8 35. Nd3 g5 36. Ne5 Be6 37. Bg4 Bg7 38. Nd3 Ra8 39. Nc5 Bc8 40. Bxc8 Rxc8 41. g4 Bf8 42. Nd3 Kg7 43. Kg2 Kf6 44. Rb1 Rc6 45. Ne5 Ra6 46. Rb7 Be7 47. Kf3 Ke6 48. Rb8 f6 49. Nd3 Kf7 50. Rh8 Bf8 51. Nc5 Rd6 52. e4 Kg7 53. e5 fxe5 54. dxe5 Rb6 55. Rxf8 1-0